| 000 | 01243nam0a22002891 4500 | ||
|---|---|---|---|
| 001 | rc\4326257 | ||
| 005 | 20130416132602.6 | ||
| 021 |
_aRU _b[57-19913] |
||
| 035 | _a(NLR Aleph) 008515352 | ||
| 090 |
_a8194831 _c8194831 |
||
| 100 | _a20130416d1957 |||y0rusy50 ca | ||
| 101 | 0 | _arus | |
| 102 | _aRU | ||
| 105 | _ay j ||||| | ||
| 200 | 1 |
_aМатериал к лекции на тему "Примерный устав сельскохозяйственной артели и уставы отдельных колхозов" _fО-во по распространению полит. и науч. знаний РСФСР |
|
| 210 |
_aМосква _cБ. и. _d1957 |
||
| 215 |
_a40 с. _d21 |
||
| 300 | _aПеред загл. авт.: канд. юрид. наук А.И. Волков | ||
| 320 | _aБиблиогр. в конце книги | ||
| 333 | _aНа правах рукописи | ||
| 606 |
_aСельскохозяйственные артели _xУстав _jМатериалы для докладов, лекций и т. п. _2psbo |
||
| 700 | 1 |
_aВолков _bА. И. _gАлександр Иванович |
|
| 801 | 0 |
_aRU _bNLR _gpsbo |
|
| 801 | 1 |
_aRU _bELAR _2rusmarc |
|
| 852 |
_aNLR _j57-6/2408 |
||
| 942 | _cBOOK | ||
| 980 | _aNB | ||